| 000 | 00000nam 2200000za 4500 |
| 001 | 9.800289 |
| 003 | CaOODSP |
| 005 | 20221107134604 |
| 007 | cr ||||||||||| |
| 008 | 150429s1963 xxca |s f|0| 0 fre d |
| 040 | |aCaOODSP|bfre |
| 043 | |an-cn--- |
| 086 | 1 |aA73-1167/1963F-PDF |
| 245 | 00|aPrix des aliments - revenus |h[ressource électronique]. |
| 250 | |aRév. |
| 260 | |aOttawa : |bMinistère de l'agriculture du Canada,|c1963. |
| 300 | |a16 p. : |bill., graphiques. |
| 500 | |aImprimé août 1959. Révisé juillet 1963. |
| 500 | |aPublication historique numérisée par Agriculture et Agroalimentaire Canada. |
| 500 | |aÉgalement disponible en anglais sous le titre : Our food costs. |
| 692 | 07|2gccst|aProduit agro-alimentaire |
| 692 | 07|2gccst|aPrix |
| 710 | 1 |aCanada. |bMinistère de l'agriculture. |
| 775 | 08|tOur food costs |w(CaOODSP)9.800287 |
| 856 | 40|qPDF|s769 Ko|uhttps://publications.gc.ca/collections/collection_2015/aac-aafc/A73-1167-1963-fra.pdf |
| 986 | |aPublication 1167F |